Podpora inovačných aktivít podnikov na Slovensku diplomová práca

Saved in:
Bibliographic Details
Main Author: Persáková, Veronika
Corporate Author: Podnikovohospodárska fakulta EU so sídlom v Košiciach. Katedra manažmentu
Other Authors: Szaryszová, Petra, 1984-
Format: Book
Language:Slovak
Published: Košice 2021
Tags: Add Tag
No Tags, Be the first to tag this record!

MARC

LEADER 00000nbm a2200000 4500
001 0274064
005 20220404141235.7
041 0 |a slo 
044 |a SK 
245 1 0 |a Podpora inovačných aktivít podnikov na Slovensku  |b diplomová práca  |c Veronika Persáková ; školiteľ: Petra Szaryszová 
264 1 |a Košice  |c 2021 
300 |a 71 s. 
100 1 |a Persáková, Veronika 
700 1 |a Szaryszová, Petra, 1984- 
710 2 |a Podnikovohospodárska fakulta EU so sídlom v Košiciach. Katedra manažmentu